មាយាទក្អែក : (Record no. 8979)
[ view plain ]
| 000 -LEADER | |
|---|---|
| fixed length control field | 01432nam a22003137a 4500 |
| 001 - CONTROL NUMBER | |
| control field | 8979 |
| 003 - CONTROL NUMBER IDENTIFIER | |
| control field | FISKH |
| 005 - DATE AND TIME OF LATEST TRANSACTION | |
| control field | 20251112123236.0 |
| 008 - FIXED-LENGTH DATA ELEMENTS--GENERAL INFORMATION | |
| fixed length control field | 251112b cb ||||| |||| 00| 0 eng d |
| 020 ## - INTERNATIONAL STANDARD BOOK NUMBER | |
| International Standard Book Number | 9789996301629 |
| 040 ## - CATALOGING SOURCE | |
| Original cataloging agency | FISKH |
| Language of cataloging | khr |
| Transcribing agency | FISKH |
| Modifying agency | FISKH |
| 050 ## - LIBRARY OF CONGRESS CALL NUMBER | |
| Classification number | PZ7 |
| 082 ## - DEWEY DECIMAL CLASSIFICATION NUMBER | |
| Classification number | 895.922 |
| 100 ## - MAIN ENTRY--PERSONAL NAME | |
| Personal name | Dawn, Dim |
| 245 ## - TITLE STATEMENT | |
| Title | មាយាទក្អែក : |
| Remainder of title | Crow's conduct / |
| Statement of responsibility, etc. | និពន្ធដោយលោក ឌឹម ដន, កែសម្រួលដោយ អ្នកស្រី គឹមស៊ុន សុធារី , លោក ធី ចានថន និង កញ្ញា ហេង ចរិយា |
| 260 ## - PUBLICATION, DISTRIBUTION, ETC. | |
| Place of publication, distribution, etc. | Phnom Penh : |
| Name of publisher, distributor, etc. | Reading Books , |
| Date of publication, distribution, etc. | 2012. |
| 300 ## - PHYSICAL DESCRIPTION | |
| Extent | 24 pages : |
| Other physical details | color illustrations ; |
| Dimensions | 25 cm . |
| 490 ## - SERIES STATEMENT | |
| Series statement | ពិភពរឿងនិទាន |
| 505 ## - FORMATTED CONTENTS NOTE | |
| Formatted contents note | L <br/> |
| 520 ## - SUMMARY, ETC. | |
| Summary, etc. | រឿងនេះចង់អប់រំដល់ប្អូនៗកុមារអោយមានការយល់ដឹងពីការសេពគប់មិត្ត ។ |
| 520 ## - SUMMARY, ETC. | |
| Summary, etc. | This story aims to educate children to understand the value of friendship. |
| 521 8# - TARGET AUDIENCE NOTE | |
| Target audience note | 550 <br/> |
| Source | Lexile estimate <br/> |
| 521 8# - TARGET AUDIENCE NOTE | |
| Target audience note | L <br/> |
| Source | Raz-Plus <br/> |
| 650 ## - SUBJECT ADDED ENTRY--TOPICAL TERM | |
| Topical term or geographic name entry element | មារយាទក្អែក |
| Form subdivision | រឿងនិទានកុមារ |
| 650 ## - SUBJECT ADDED ENTRY--TOPICAL TERM | |
| Topical term or geographic name entry element | Crow's conduct |
| Form subdivision | Children's Stories |
| 700 ## - ADDED ENTRY--PERSONAL NAME | |
| Personal name | Vichit, Prom |
| Relator term | Illustrator |
| 942 ## - ADDED ENTRY ELEMENTS (KOHA) | |
| Source of classification or shelving scheme | Dewey Decimal Classification |
| Koha item type | Khmer Books |
| Suppress in OPAC | No |
| Withdrawn status | Lost status | Source of classification or shelving scheme | Damaged status | Not for loan | Collection | Home library | Current library | Shelving location | Date acquired | Total Checkouts | Full call number | Barcode | Date last seen | Copy number | Price effective from | Koha item type | Date due | Date last checked out |
|---|---|---|---|---|---|---|---|---|---|---|---|---|---|---|---|---|---|---|
| Dewey Decimal Classification | Khmer-English Bilingual / ភាសាខ្មែរ-អង់គ្លេស | Footprints International School Library Network Toul Tom Poung Campus | Footprints International School Library Network Toul Tom Poung Campus | TTP Primary Khmer Bookshelves | 11/12/2025 | DAW PZ7 895.922 | FIS04329 | 11/12/2025 | 1 | 11/12/2025 | Khmer Books | |||||||
| Dewey Decimal Classification | Khmer-English Bilingual / ភាសាខ្មែរ-អង់គ្លេស | Footprints International School Library Network Toul Tom Poung Campus | Footprints International School Library Network Toul Tom Poung Campus | TTP Primary Khmer Bookshelves | 11/12/2025 | DAW PZ7 895.922 | FISBK03836 | 11/12/2025 | 2 | 11/12/2025 | Khmer Books | |||||||
| Dewey Decimal Classification | Khmer-English Bilingual / ភាសាខ្មែរ-អង់គ្លេស | Footprints International School Library Network Toul Tom Poung Campus | Footprints International School Library Network Toul Tom Poung Campus | TTP Primary Khmer Bookshelves | 11/27/2025 | DAW PZ7 895.922 | 2025-4953 | 11/27/2025 | 3 | 11/27/2025 | Khmer Books | |||||||
| Dewey Decimal Classification | Khmer-English Bilingual / ភាសាខ្មែរ-អង់គ្លេស | Footprints International School Library Network Toul Tom Poung Campus | Footprints International School Library Network Toul Tom Poung Campus | TTP Primary Khmer Bookshelves | 11/28/2025 | DAW PZ7 895.922 | 2025-4985 | 11/28/2025 | 4 | 11/28/2025 | Khmer Books | |||||||
| Dewey Decimal Classification | Khmer-English Bilingual / ភាសាខ្មែរ-អង់គ្លេស | Footprints International School Library Network Toul Tom Poung Campus | Footprints International School Library Network Toul Tom Poung Campus | TTP Primary Khmer Bookshelves | 12/08/2025 | 1 | DAW PZ7 895.922 | 2025-5073 | 02/25/2026 | 5 | 12/08/2025 | Khmer Books | 03/11/2026 | 02/25/2026 |
